| 000 | 00498nam a22001697a 4500 | ||
|---|---|---|---|
| 003 | BD-DhUL | ||
| 005 | 20171219161114.0 | ||
| 008 | 171219snd. pk ||||| |||| 00| 0 urd d | ||
| 040 |
_aBD-DhUL _cBD-DhUL |
||
| 082 |
_a923 _bIKY |
||
| 100 | 1 | _aاکرام، سیخ محمد | |
| 245 | 0 |
_aیادگار شبلی / _cشیخ محمد احرام |
|
| 260 |
_aلاہور : _bادارہ ثقافت اسلامیہ، _c۔ |
||
| 300 |
_aص۔ ۴۵۶ ؛ _c۲۱ سم۔ |
||
| 650 | 0 | _aBiography | |
| 942 |
_2ddc _cBK |
||
| 999 |
_c233248 _d233248 |
||